[Event "CZE-ch U16 Girls"]
[Site "Kouty nad Desnou"]
[Date "2009.03.14"]
[Round "9"]
[White "Vojtechovska, Lenka"]
[Black "Kasparova, Veronika"]
[Result "1-0"]
[WhiteElo "1407"]
[BlackElo "1100"]
[PlyCount "79"]
[EventDate "2009.03.07"]
[EventType "swiss"]
[EventRounds "9"]
[EventCountry "CZE"]
[SourceTitle "EXT 2011"]
[Source "ChessBase"]
[SourceDate "2010.11.26"]
[SourceVersion "1"]
[SourceVersionDate "2010.11.26"]
[SourceQuality "1"]

1. e4 e5 2. Nf3 Nc6 3. Nc3 Bb4 4. Bb5 d6 5. h3 Nf6 6. d3 0-0 7. 0-0 Bd7 8. Bg5 Re8 9. Nd5 a5 10. c3 Bc5 11. d4 Bb6 12. Re1 exd4 13. cxd4 Re6 14. Nxf6+ Rxf6 15. Bxf6 Qxf6 16. d5 Nb8 17. Bxd7 Nxd7 18. b3 Re8 19. Re2 Nc5 20. Qe1 Nxe4 21. Kf1 Ng3+ 22. fxg3 Rxe2 23. Kxe2 Qb2+ 24. Kf1 h6 25. Rd1 Qc2 26. Rd2 Qf5 27. g4 Qf6 28. Qe8+ Kh7 29. Qe4+ Kg8 30. h4 g5 31. hxg5 hxg5 32. Qe8+ Kg7 33. Qe4 Bc5 34. Ke2 Bb4 35. Rc2 Bc5 36. a4 Kh6 37. Qf5 Qe7+ 38. Kd1 f6 39. Re2 Qf7 40. Nxg5 1-0

[Event "CZE-ch U16 Girls"]
[Site "Kouty nad Desnou"]
[Date "2009.03.12"]
[Round "7"]
[White "Kasparova, Veronika"]
[Black "Tancerova, Marie"]
[Result "1-0"]
[WhiteElo "1100"]
[BlackElo "1250"]
[PlyCount "55"]
[EventDate "2009.03.07"]
[EventType "swiss"]
[EventRounds "9"]
[EventCountry "CZE"]
[SourceTitle "EXT 2011"]
[Source "ChessBase"]
[SourceDate "2010.11.26"]
[SourceVersion "1"]
[SourceVersionDate "2010.11.26"]
[SourceQuality "1"]

1. e4 e5 2. Nf3 Nc6 3. Nc3 Bb4 4. Qe2 Nf6 5. Qe3 d6 6. h3 Bd7 7. Bb5 a6 8. Bxc6 Bxc6 9. 0-0 0-0 10. d4 exd4 11. Nxd4 Bc5 12. Qd3 Qd7 13. Bg5 Kh8 14. Rfe1 Rae8 15. Rad1 Re5 16. Bf4 Re7 17. Nxc6 Qxc6 18. e5 Rfe8 19. Ne4 Nxe4 20. Rxe4 Qb6 21. Be3 Bxe3 22. Rxe3 Rxe5 23. Rxe5 Rxe5 24. Qc3 Qc5 25. Qb3 Rf5 26. Rd2 Qc6 27. Re2 Rg5 28. Qxb7 1-0

[Event "CZE-ch U16 Girls"]
[Site "Kouty nad Desnou"]
[Date "2009.03.10"]
[Round "5"]
[White "Kasparova, Veronika"]
[Black "Urgacsova, Sara"]
[Result "1/2-1/2"]
[WhiteElo "1100"]
[BlackElo "1365"]
[PlyCount "83"]
[EventDate "2009.03.07"]
[EventType "swiss"]
[EventRounds "9"]
[EventCountry "CZE"]
[SourceTitle "EXT 2011"]
[Source "ChessBase"]
[SourceDate "2010.11.26"]
[SourceVersion "1"]
[SourceVersionDate "2010.11.26"]
[SourceQuality "1"]

1. e4 c6 2. Nf3 d5 3. exd5 cxd5 4. d4 Nc6 5. Bb5 Nf6 6. 0-0 Bg4 7. c3 e6 8. Bg5 Bd6 9. Nbd2 Qc7 10. Qc2 0-0-0 11. Rac1 h6 12. Bh4 Rdf8 13. Qd3 Bxf3 14. Nxf3 Ne4 15. Bg3 Nxg3 16. hxg3 f6 17. c4 g5 18. c5 Be7 19. Rfe1 e5 20. dxe5 a6 21. Ba4 Qa5 22. Bxc6 bxc6 23. Qa3 Qxa3 24. bxa3 f5 25. e6 Rf6 26. Nd4 Kc7 27. Re5 f4 28. Nf5 Re8 29. gxf4 gxf4 30. f3 Bf8 31. e7 Rxf5 32. Rxf5 Bxe7 33. Rxf4 Bg5 34. Rf7+ Kd8 35. f4 Be7 36. f5 Bg5 37. Rf1 Be3+ 38. Kh2 Bxc5 39. f6 Bxa3 40. Ra7 Bd6+ 41. Kh3 Rf8 42. Ra8+ 1/2-1/2

[Event "CZE-ch U14 Girls"]
[Site "Sec u Chrudimi"]
[Date "2008.03.15"]
[Round "9"]
[White "Kasparova, Veronika"]
[Black "Zavadilova, Karolina"]
[Result "0-1"]
[WhiteElo "1100"]
[BlackElo "1522"]
[PlyCount "90"]
[EventDate "2008.03.08"]
[EventType "swiss"]
[EventRounds "9"]
[EventCountry "CZE"]
[SourceTitle "EXT 2009"]
[Source "ChessBase"]
[SourceDate "2008.11.26"]
[SourceVersion "1"]
[SourceVersionDate "2008.11.26"]
[SourceQuality "1"]

1. e4 c5 2. Nf3 e6 3. d4 cxd4 4. Nxd4 Nf6 5. e5 Qa5+ 6. Nc3 Qxe5+ 7. Be2 Qc7 8. 0-0 d6 9. Bg5 Qd8 10. Bc4 Be7 11. Qf3 0-0 12. Bd3 d5 13. Bf4 Nc6 14. Nxc6 bxc6 15. Qg3 Kh8 16. Be5 a6 17. Qh3 h6 18. Qg3 c5 19. Rad1 c4 20. Bxc4 Qb6 21. Bb3 Bb7 22. Bd4 Qc6 23. Ba4 Qc8 24. Rd3 a5 25. Nb5 Ba6 26. Rc3 Qd8 27. Rd1 Bb4 28. Re3 Bxb5 29. Bxb5 Bd6 30. Be5 Bxe5 31. Qxe5 Ng4 32. Qf4 Nxe3 33. Qxe3 Rb8 34. Bd3 Rxb2 35. c4 dxc4 36. Be2 Qc7 37. Qa3 Rfb8 38. g3 c3 39. Bd3 c2 40. Rc1 Rb1 41. Kg2 Qb7+ 42. f3 Rxc1 43. Qxc1 Qb1 44. Qxb1 Rxb1 45. Bxc2 Rb2 0-1

[Event "CZE-ch U14 Girls"]
[Site "Sec u Chrudimi"]
[Date "2008.03.13"]
[Round "7"]
[White "Jinova, Denisa"]
[Black "Kasparova, Veronika"]
[Result "1-0"]
[WhiteElo "1411"]
[BlackElo "1100"]
[PlyCount "67"]
[EventDate "2008.03.08"]
[EventType "swiss"]
[EventRounds "9"]
[EventCountry "CZE"]
[SourceTitle "EXT 2009"]
[Source "ChessBase"]
[SourceDate "2008.11.26"]
[SourceVersion "1"]
[SourceVersionDate "2008.11.26"]
[SourceQuality "1"]

1. e4 e5 2. Nf3 Nc6 3. d4 exd4 4. Bc4 Nf6 5. 0-0 Nxe4 6. Re1 d5 7. Bxd5 Qxd5 8. Nc3 Qh5 9. Nxe4 Be7 10. Bg5 0-0 11. Ng3 Qg6 12. Bxe7 Nxe7 13. Rxe7 c6 14. Qxd4 Bg4 15. Ne5 Qf6 16. Rxb7 Be6 17. Nf3 Qxd4 18. Nxd4 Bd5 19. Rc7 Rab8 20. b3 Rb6 21. c4 Be6 22. Nxe6 fxe6 23. Re1 Re8 24. Nh5 Rd8 25. Rxg7+ Kf8 26. Rxh7 Kg8 27. Re7 c5 28. h3 Rdd6 29. Nf4 Kf8 30. R7xe6 Rxe6 31. Rxe6 Rxe6 32. Nxe6+ Kf7 33. Nxc5 Ke7 34. h4 1-0

[Event "CZE-ch U14 Girls"]
[Site "Sec u Chrudimi"]
[Date "2008.03.12"]
[Round "6"]
[White "Zitna, Aneta"]
[Black "Kasparova, Veronika"]
[Result "1-0"]
[WhiteElo "1100"]
[BlackElo "1100"]
[PlyCount "129"]
[EventDate "2008.03.08"]
[EventType "swiss"]
[EventRounds "9"]
[EventCountry "CZE"]
[SourceTitle "EXT 2009"]
[Source "ChessBase"]
[SourceDate "2008.11.26"]
[SourceVersion "1"]
[SourceVersionDate "2008.11.26"]
[SourceQuality "1"]

1. e4 e5 2. Nf3 Nc6 3. Nc3 Bb4 4. d3 Nf6 5. Be2 0-0 6. 0-0 d5 7. exd5 Nxd5 8. Bd2 Nf6 9. a3 Bc5 10. Be3 Bxe3 11. fxe3 Bg4 12. Qe1 Re8 13. Qg3 Qd7 14. Nh4 Qe6 15. Rxf6 Qxf6 16. Qxg4 Ne7 17. Rf1 Qe6 18. Qg3 f6 19. Ne4 Rf8 20. Nc5 Qc8 21. e4 b6 22. Nb3 Qe6 23. Bg4 Qd6 24. Rf3 Rf7 25. Nd2 Kf8 26. Nc4 Qc5+ 27. Ne3 Qd6 28. Nhf5 Nxf5 29. Bxf5 g6 30. Bh3 Ke7 31. Nd5+ Kf8 32. Qf2 Kg7 33. Qg3 Rg8 34. Qf2 Qc5 35. Be6 Qxf2+ 36. Rxf2 c6 37. Bxf7 Kxf7 38. Nxf6 Rd8 39. Nxh7+ Kg7 40. Ng5 a5 41. Rf7+ Kh6 42. Ne6 Re8 43. Nf8 Kg5 44. Nd7 Re6 45. Nxb6 c5 46. Nd7 Kh6 47. Nxc5 Rc6 48. b4 g5 49. Nd7 a4 50. Nxe5 Rxc2 51. b5 Rc1+ 52. Kf2 Rc2+ 53. Kg3 Rc8 54. b6 Rb8 55. b7 Rh8 56. Nc6 Kg6 57. Rd7 Rh7 58. Rxh7 Kxh7 59. b8Q Kh6 60. Qf8+ Kh5 61. Qh8+ Kg6 62. Ne7+ Kf7 63. Nf5 Ke6 64. Qg7 g4 65. Qe7# 1-0

[Event "CZE-ch U14 Girls"]
[Site "Sec u Chrudimi"]
[Date "2008.03.10"]
[Round "4"]
[White "Durdisova, Michaela"]
[Black "Kasparova, Veronika"]
[Result "1-0"]
[WhiteElo "1250"]
[BlackElo "1100"]
[PlyCount "117"]
[EventDate "2008.03.08"]
[EventType "swiss"]
[EventRounds "9"]
[EventCountry "CZE"]
[SourceTitle "EXT 2009"]
[Source "ChessBase"]
[SourceDate "2008.11.26"]
[SourceVersion "1"]
[SourceVersionDate "2008.11.26"]
[SourceQuality "1"]

1. e4 e5 2. Nf3 Nc6 3. Bc4 Nf6 4. d3 d6 5. Nc3 Bg4 6. h3 Bh5 7. Be3 Be7 8. g4 Bg6 9. Nh4 Qd7 10. f4 exf4 11. Bxf4 0-0-0 12. Qe2 h5 13. Nxg6 fxg6 14. g5 Nh7 15. h4 Nd4 16. Qf2 Ne6 17. Qxa7 c6 18. Qa8+ Kc7 19. Qa5+ Kb8 20. Be3 Nc5 21. b4 Qc7 22. Qa3 Na6 23. Bxa6 bxa6 24. Qxa6 Qb7 25. Qa5 Kc8 26. b5 c5 27. Nd5 Kd7 28. Nb6+ Ke6 29. Nd5 Ra8 30. Nc7+ Kd7 31. Nxa8 Rxa8 32. Qc3 Qxb5 33. 0-0 Nf8 34. Qxg7 Ne6 35. Qxg6 Qa4 36. c4 Qc2 37. Rfd1 Rf8 38. Qxh5 Nf4 39. Qg4+ Ne6 40. g6 Bf6 41. h5 Bxa1 42. Rxa1 Qb2 43. Rf1 Rxf1+ 44. Kxf1 Qh8 45. g7 Qg8 46. h6 Kc6 47. h7 Qxg7 48. Qxg7 Nxg7 49. h8Q Ne6 50. Qc8+ Nc7 51. d4 Kb6 52. dxc5+ dxc5 53. Bxc5+ Kxc5 54. Qxc7+ Kd4 55. e5 Kc3 56. Qa5+ Kd4 57. Qd5+ Kc3 58. a4 Kb4 59. Qb5+ 1-0